01040nas a2200253Ia 4500001001100000003000900011008004100020040001300061040001300074041001300087100003800100210001600138222001600154245009300170250001100263260004600274501008600320300001000406362003500416500025100451650003600702700001900738700002900757R061/B8417IT-RoPAU151124c99999999xx |||||||||||| ||und|| aIT-RoPAU cIT-RoPAU aFRANCESE aAA.VV. gCodice Aut. SPICS: 12000 aCINEMACTION aCinemaction aCINEMACTION, N.034 (1985) - SEMBENE OUSMANEbCinemaction, N.034 (1985) - Sembene Ousmane a1a ed. aCONDE' SUR NOIREAU (FRANCE)bCORLETc1985 bPaulus - SPICS - Società San Paolo EM (non-commercial uses only)cCopyright2015 a96 p. aN.034 (1985) - SEMBENE OUSMANE aNumero Speciale su Sembene Ousmane: Uomo, Scrittore e Regista. Riflessionisui Suoi Film. Stile Delle Sue Opere. Sembene Visto da Jean Rouch. Filmografia. Dossier a Cura di Daniel Serceau. Prefazione di Ferid Boughedir. Notebiografiche di Sembene. aCINEMAvPUBBLICAZIONE PERIODICA aSerceau Daniel gCodice Aut. SPICS: 21960